000 00281nam a22001217a 4500
008 171124b xxu||||| |||| 00| 0 eng d
041 _aeng
080 _a7
100 _a44
101 _aART
245 _aGOLDEN AGE AND VIKING ART IN SWEDEN
_cBRUCE,R,L,S
942 _2udc
_cBK
999 _c38433
_d38433